Päťsto najväčších firiem sveta: delenie podľa sektorov
Najväčšie firmy sveta podľa trhovej kapitalizácie v r. 2004. Začlenenie firiem podľa sektorov : banky, farmácia a biotechnológie, služby a telekomunikácie, ropa a plyn, výpočtová technika, poisťovníctvo, maloobchod.
Enregistré dans:
| Format: | Chapitre de livre |
|---|---|
| Langue: | slovaque |
| Sujets: | |
| Tags: |
Pas de tags, Soyez le premier à ajouter un tag!
|
MARC
| LEADER | 00000naa$a2200000$$$4500 | ||
|---|---|---|---|
| 001 | 0022417 | ||
| 005 | 20230926070707.7 | ||
| 041 | 0 | |a slo | |
| 044 | |a SK | ||
| 245 | 1 | 0 | |a Päťsto najväčších firiem sveta: delenie podľa sektorov |
| 520 | |a Najväčšie firmy sveta podľa trhovej kapitalizácie v r. 2004. Začlenenie firiem podľa sektorov : banky, farmácia a biotechnológie, služby a telekomunikácie, ropa a plyn, výpočtová technika, poisťovníctvo, maloobchod. | ||
| 610 | 2 | 0 | |a porovnanie štatistické medzinárodné |
| 610 | 2 | 0 | |a trh kapitálový |
| 610 | 2 | 0 | |a trh finančný |
| 610 | 2 | 0 | |a krajiny vyspelé |
| 610 | 2 | 0 | |a firmy |
| 610 | 2 | 0 | |a odvetvia činnosti ekonomickej |
| 610 | 2 | 0 | |a 2004 |